000 00705nam a2200289Ia 4500
005 20260324131544.0
008 008 260324s9999 xx 000 0 eng d
020 _a9781315759845
037 _aEBOOK
040 _aCRL
040 _beng
040 _cCRL
041 _2eng
041 _aeng
084 _qCRL
100 _aJan Van Coillie; Walter P. Verschueren
_91185948
245 0 _aChildren's Literature in Translation
245 0 _bChallenges and Strategies
260 _bTaylor and Francis
260 _c2006
365 _a
365 _b230
856 _uhttp://www.taylorfrancis.com/books/9781315759845
942 _cEBOOK
999 _c1783228
_d1783228